000 00993nmm a2200301 a 4500
001 ocm000884521
003 TR-IsHL
005 20201028144111.0
008 141121s1989 tu tur
007 cr cn
020 _a9789757814795
035 _a884521
_b(N$T)
050 0 4 _aHB178
_b.B819 1989
090 0 4 _aHB178
_b.B819 1989
100 1 _aBukharin, Nikolai Ivanovich,
245 1 0 _aDönüşüm döneminin ekonomisi: Lenin'in eleştirel notlarıyla
_h[electronic resource] /
_cNikolai Ivanovich, Bukharin ; çev. Ergun Adaklı
260 _aİstanbul :
_bPencere Yayınları,
_c1989
300 _a193 p.
650 4 _aEkonomi ve Finans
650 4 _aEconomics and Finance
650 0 _aEkonomi
650 0 _aEconomics
650 0 _aSosyalizm
650 0 _aSocialism
650 7 _aBUSINESS & ECONOMICS / Economic Conditions
_2bisacsh
700 1 _aAdaklı, Ergun
856 4 0 _uhttp://search.ebscohost.com/login.aspx?direct=true&scope=site&db=e011xww&AN=884521
999 _c9250
_d9250